Human biology
| Autores Corporativos: | , |
|---|---|
| Formato: | Electrónico Revista |
| Lenguaje: | inglés |
| Publicado: |
Baltimore, Md. :
Warwick & York, Inc.,
1929-
Baltimore, Md. : Johns Hopkins Press Detroit, Mich. : Wayne State University Press |
| Materias: | |
| Acceso en línea: | Full text available from Research Library: 02/01/1994 to present |
MARC
| LEADER | 00000nas a2200000 a 4500 | ||
|---|---|---|---|
| 001 | ssj0011888 | ||
| 003 | WaSeSS | ||
| 005 | 20200512172242.0 | ||
| 006 | m d | ||
| 007 | cr n | ||
| 008 | 010125c19299999miubr p s o 0 a0eng c | ||
| 010 | |a 2001215016 | ||
| 016 | 7 | |a H21840000 |2 DNLM | |
| 022 | |a 1534-6617 |l 0018-7143 |y 0018-7143 | ||
| 035 | |a (WaSeSS)ssj0011888 | ||
| 037 | |b Project Muse, The Johns Hopkins University Press, 2715 N. Charles Street, Baltimore, Maryland 21211 | ||
| 040 | |a JHE |b eng |c JHE |d NSD |d OCLCQ |d F#A |d BUF |d OCLCQ |d MXC |d CUD |d OCLCQ |d EYM |d OCLCO |d EUW |d OCLCQ |d OCLCO |d OCLCF |d OCLCO |d OCLCQ |d MOR |d WT2 |d UEJ |d ISEYC |d LND |d OCLCA |d GILDS |d U3W |d OCLCO |d OCLCQ |d LHU |d TOF |d WYU |d OCLCO |d AUD |d OCLCA |d VT2 |d DCHUA |d OCLCQ |d OCLCO |d WaSeSS | ||
| 042 | |a nsdp |a pcc | ||
| 050 | 4 | |a GN1 | |
| 060 | 0 | |a W1 HU444U | |
| 082 | 1 | 0 | |a 570 |2 13 |
| 130 | 0 | |a Human biology (Online) | |
| 210 | 0 | |a Hum. biol. |b (Online) | |
| 222 | 0 | |a Human biology |b (Online) | |
| 245 | 1 | 0 | |a Human biology |h [electronic resource]. |
| 260 | |3 1929-1930 : |a Baltimore, Md. : |b Warwick & York, Inc., |c 1929- | ||
| 260 | 2 | |3 1931-1953 : |a Baltimore, Md. : |b Johns Hopkins Press | |
| 260 | 3 | |3 1954- : |a Detroit, Mich. : |b Wayne State University Press | |
| 310 | |a Six times a year, |b 1986- | ||
| 321 | |a Quarterly, |b 1929-1985 | ||
| 362 | 1 | |a Began with vol. 1, no. 1 (January 1929). | |
| 506 | |a License restrictions may limit access. | ||
| 538 | |a Mode of access: World Wide Web. | ||
| 550 | |a Official publication of the Human Biology Council, <Dec. 1975->; American Association of Anthropological Genetics, <2009-> | ||
| 588 | 0 | |a Vol. 1, no. 1 (Jan. 1929); title from PDF cover (JSTOR, viewed Feb. 1, 2013). | |
| 588 | 1 | |a Vol. 81, no. 5/6 (Oct./Dec. 2009) (JSTOR, viewed Feb. 1, 2013). | |
| 650 | 0 | |a Anthropology |v Periodicals. | |
| 650 | 0 | |a Biology |v Periodicals. | |
| 650 | 2 | |a Anthropology. | |
| 650 | 2 | |a Biology. | |
| 650 | 7 | |a Anthropology. |2 fast |0 (OCoLC)fst00810196 | |
| 650 | 7 | |a Biology. |2 fast |0 (OCoLC)fst00832383 | |
| 655 | 0 | |a Electronic journals. | |
| 710 | 2 | |a Human Biology Council. | |
| 710 | 2 | |a American Association of Anthropological Genetics. | |
| 776 | 0 | 8 | |i Print version: |t Human biology |x 0018-7143 |w (DLC) 31029123 |w (OCoLC)1752384 |
| 856 | 4 | 0 | |z Full text available from Research Library: 02/01/1994 to present |u https://search.proquest.com/publication/42351 |